Cuenca en volandas / (Record no. 109165)

MARC details
000 -LEADER
campo de control de longitud fija 00729nam a2200229 4500
001 - NÚMERO DE CONTROL
campo de control 109165
003 - IDENTIFICADOR DE NÚMERO DE CONTROL
campo de control ES-MaACL
005 - FECHA Y HORA DE LA ÚLTIMA TRANSACCIÓN
campo de control 20231205193249.0
007 - CAMPO FIJO DE DESCRIPCIÓN FÍSICA--INFORMACIÓN GENERAL
campo de control de longitud fija t|
008 - DATOS DE LONGITUD FIJA--INFORMACIÓN GENERAL
campo de control de longitud fija 061121s1968 sp r ||||1| spa d
017 ## - NÚMERO DE COPYRIGHT O DE DEPÓSITO LEGAL
Número de copyright o de depósito legal M 24766-1968
080 ## - NÚMERO DE LA CLASIFICACIÓN DECIMAL UNIVERSAL
Número de la Clasificación Decimal Universal 821.134.2-14"19"
100 1# - ENTRADA PRINCIPAL--NOMBRE DE PERSONA
Nombre de persona Muelas, Federico,
Fechas asociadas al nombre 1909-1974
9 (RLIN) 84034
245 10 - MENCIÓN DEL TÍTULO
Título Cuenca en volandas /
Mención de responsabilidad, etc. por Federico Muelas; prólogo de Gerardo Diego.
260 ## - PUBLICACIÓN, DISTRIBUCIÓN, ETC.
Lugar de publicación, distribución, etc. Cuenca :
Nombre del editor, distribuidor, etc. Diputación Provincial,
Fecha de publicación, distribución, etc. 1968.
300 ## - DESCRIPCIÓN FÍSICA
Extensión 128 p., 2 lám., 4 h. :
Otras características físicas il. ;
Dimensiones 28 cm.
490 1# - MENCIÓN DE SERIE
Mención de serie Colección Almenara
700 1# - ENTRADA AGREGADA--NOMBRE PERSONAL
Nombre de persona Diego, Gerardo,
Fechas asociadas al nombre 1896-1987
9 (RLIN) 44545
830 0# - PUNTO DE ACCESO ADICIONAL DE SERIE-TÍTULO UNIFORME
Título uniforme Colección Almenara
9 (RLIN) 193537
852 ## - LOCALIZACIÓN
Ubicación ES-MaACL
Número de control de estantería C-56942
Sublocalización o colección R.68529
Holdings
Estatus retirado Estado de pérdida Estado de daño No para préstamo Biblioteca de origen Biblioteca actual Ubicación en estantería Fecha de adquisición Fuente de adquisición Total de préstamos Signatura topográfica completa Código de barras Visto por última vez Precio de reemplazo Tipo de ítem Koha
        Biblioteca del Ateneo de Madrid Biblioteca del Ateneo de Madrid Depósito 2 17/01/2008     C-56942 1113904 23/02/2023 23/02/2023 Libro impreso